Tvorba podnikové strategie. 2 Cíle a směry rozvoje

Druhá časť článku sa podrobnejšie zmieňuje o najnáročnejšej a časove najdlhšej činnosti manažmentu pri tvorbe podnikovej stratégie, ktorou je rozhodovanie o smeroch rozvoja podniku. Koncipovanie toho, ako dosiahnuť vytýčené podnikové ciele. Rozhodovanie o smeroch rozvoja. Typy stratégie.

Uložené v:
Podrobná bibliografia
Hlavný autor: Smrčka, J.
Médium: Kapitola
Jazyk:Czech
Predmet:
Tagy: Pridať tag
Žiadne tagy, Buďte prvý, kto otaguje tento záznam!

MARC

LEADER 00000naa a2200000 4500
001 r025459
005 20230922084541.5
041 0 |a cze 
044 |a CZ 
245 1 0 |a Tvorba podnikové strategie. 2  |b Cíle a směry rozvoje  |c J. Smrčka 
520 |a Druhá časť článku sa podrobnejšie zmieňuje o najnáročnejšej a časove najdlhšej činnosti manažmentu pri tvorbe podnikovej stratégie, ktorou je rozhodovanie o smeroch rozvoja podniku. Koncipovanie toho, ako dosiahnuť vytýčené podnikové ciele. Rozhodovanie o smeroch rozvoja. Typy stratégie. 
610 2 0 |a stratégia podniková 
610 2 0 |a ciele podnikové 
610 2 0 |a rozvoj podniku 
610 2 0 |a riadenie podnikové 
610 2 0 |a teória riadenia 
610 2 0 |a rozhodovanie podnikové 
100 1 |a Smrčka, J.